Informácie a riadenie podniku účtovníctvo

Saved in:
Bibliographic Details
Main Author: Marček, Ján
Format: Book
Language:Slovak
Published: Bratislava Alfa 1968
Series:Edícia ekonomickej literatúry
Tags: Add Tag
No Tags, Be the first to tag this record!

MARC

LEADER 00000nam a2200000 4500
001 c122059
005 20221128070100.6
041 0 |a slo 
044 |a SK 
245 1 0 |a Informácie a riadenie podniku  |b účtovníctvo  |c Ján Marček 
264 1 |a Bratislava  |b Alfa  |c 1968 
300 |a 311 s. 
490 1 |a Edícia ekonomickej literatúry 
830 0 |a Edícia ekonomickej literatúry 
100 1 |a Marček, Ján